[Event "28. Klatovy A 2022"]
[Site "Klatovy"]
[Date "2022.07.05"]
[Round "4.25"]
[White "Pick, Stepan"]
[Black "Fiser, Jiri2"]
[Result "1-0"]
[WhiteElo "1952"]
[BlackElo "1800"]
[PlyCount "43"]
[EventDate "2022.07.02"]
[EventType "swiss"]
[EventRounds "9"]
[EventCountry "CZE"]

1. Nf3 Nf6 2. c4 e6 3. g3 c5 4. Bg2 Nc6 5. O-O Be7 6. Nc3 d5 7. cxd5 exd5 8. d4 O-O 9. b3 b6 10. Bb2 Bb7 11. Rc1 Rc8 12. a3 cxd4 13. Nxd4 Nxd4 14. Qxd4 Bc5 15. Qf4 Qe7 16. b4 Bd6 17. Qd4 Rce8 18. Nxd5 Bxd5 19. Bxd5 Be5 20. Qxe5 Qxe5 21. Bxe5 Nxd5 22. Bd6 1-0

[Event "28. Klatovy A 2022"]
[Site "Klatovy"]
[Date "2022.07.05"]
[Round "4.26"]
[White "Cecil, Pavel"]
[Black "Rerabek, Jaroslav"]
[Result "1-0"]
[WhiteElo "1898"]
[BlackElo "1721"]
[PlyCount "96"]
[EventDate "2022.07.02"]
[EventType "swiss"]
[EventRounds "9"]
[EventCountry "CZE"]

1. Nf3 Nf6 2. d4 d5 3. c4 c6 4. Nc3 e6 5. Bg5 h6 6. Bh4 g5 7. Bg3 Nh5 8. e3 Nxg3 9. hxg3 Bg7 10. Qc2 Nd7 11. Rd1 Qa5 12. Be2 Qc7 13. cxd5 cxd5 14. Rc1 a6 15. O-O O-O 16. Nxd5 Qxc2 17. Ne7+ Kh8 18. Rxc2 Nb6 19. Nxc8 Raxc8 20. Rfc1 Rxc2 21. Rxc2 Rc8 22. Rxc8+ Nxc8 23. Kf1 Kg8 24. Ke1 Kf8 25. Kd2 Ke7 26. Kc3 Nd6 27. Bd3 Kd7 28. Nd2 a5 29. a4 Bf8 30. Be4 b6 31. Bf3 Nc8 32. Kd3 Bb4 33. Bh5 Bxd2 34. Kxd2 f6 35. Kd3 Kd6 36. f4 Ne7 37. e4 Nc6 38. Be2 Ne7 39. Kc4 Nc6 40. Bf3 e5 41. dxe5+ fxe5 42. f5 Nd4 43. Bd1 Kc6 44. f6 Kd6 45. f7 Ne6 46. Bg4 Nf8 47. Bf5 Kc6 48. g4 Kc7 1-0

[Event "28. Klatovy A 2022"]
[Site "Klatovy"]
[Date "2022.07.05"]
[Round "4.27"]
[White "Boucek, Vlastimil 1968"]
[Black "Paldus, Jan"]
[Result "0-1"]
[WhiteElo "1756"]
[BlackElo "1709"]
[PlyCount "84"]
[EventDate "2022.07.02"]
[EventType "swiss"]
[EventRounds "9"]
[EventCountry "CZE"]

1. e4 d6 2. d4 Nf6 3. Nc3 g6 4. f4 Bg7 5. Nf3 c5 6. d5 a6 7. a4 Qa5 8. Bd2 Bg4 9. e5 Ng8 10. exd6 exd6 11. Ne4 Qc7 12. Bc3 Bxc3+ 13. Nxc3 Qe7+ 14. Qe2 Qxe2+ 15. Bxe2 Nf6 16. O-O O-O 17. h3 Bf5 18. Bd3 Bxd3 19. cxd3 Nbd7 20. Nd2 Nb6 21. Nc4 Nbxd5 22. Nxd6 b6 23. Nce4 Rfd8 24. Rf3 Nxe4 25. Nxe4 Nb4 26. Rd1 Rd4 27. a5 Rad8 28. axb6 Rxe4 29. dxe4 Rxd1+ 30. Rf1 Rd6 31. g3 Rxb6 32. Rc1 Rb5 33. Rc3 Nc6 34. Kf1 Nd4 35. Rc4 a5 36. Rc3 Kg7 37. e5 h5 38. Ke1 Kf8 39. Kd1 Ke7 40. g4 hxg4 41. hxg4 Ke6 42. Rh3 Rxb2 0-1

[Event "28. Klatovy A 2022"]
[Site "Klatovy"]
[Date "2022.07.06"]
[Round "5.1"]
[White "Hurdzan, Tomas"]
[Black "Straka, Vojtech"]
[Result "1/2-1/2"]
[WhiteElo "2317"]
[BlackElo "2421"]
[PlyCount "55"]
[EventDate "2022.07.02"]
[EventType "swiss"]
[EventRounds "9"]
[EventCountry "CZE"]

1. e4 c5 2. Nf3 Nc6 3. Bb5 e6 4. O-O Nge7 5. d4 cxd4 6. Nxd4 Ng6 7. Be2 Be7 8. c4 Nxd4 9. Qxd4 O-O 10. Nc3 b6 11. Be3 Bb7 12. Rad1 Bc6 13. Qd2 Bf6 14. f3 Be5 15. Bd3 Qf6 16. f4 Bxc3 17. bxc3 e5 18. f5 Nf4 19. Bc2 h6 20. Qf2 Rac8 21. Rfe1 Rfe8 22. Kh1 d6 23. Rd2 Bb7 24. Qf1 Ba6 25. Bb3 Bb7 26. Qf3 Ba6 27. Qf1 Bb7 28. Qf3 1/2-1/2

[Event "28. Klatovy A 2022"]
[Site "Klatovy"]
[Date "2022.07.06"]
[Round "5.2"]
[White "Hausner, Ivan"]
[Black "Eret, Matous"]
[Result "1/2-1/2"]
[WhiteElo "2290"]
[BlackElo "2273"]
[PlyCount "57"]
[EventDate "2022.07.02"]
[EventType "swiss"]
[EventRounds "9"]
[EventCountry "CZE"]

1. d4 d5 2. c4 e6 3. Nf3 Nf6 4. g3 c5 5. cxd5 exd5 6. Bg2 Nc6 7. O-O Be7 8. dxc5 Bxc5 9. b3 O-O 10. Nc3 Bg4 11. Bb2 a6 12. Rc1 Ba7 13. h3 Bh5 14. e3 Re8 15. Ne2 Ne4 16. Nf4 Bxf3 17. Bxf3 d4 18. exd4 Bxd4 19. Bxd4 Qxd4 20. Qxd4 Nxd4 21. Bxe4 Rxe4 22. Rc7 b5 23. Rd1 g6 24. Nd5 Kg7 25. Nc3 Ne2+ 26. Nxe2 Rxe2 27. Rdd7 Rf8 28. a4 bxa4 29. bxa4 1/2-1/2

[Event "28. Klatovy A 2022"]
[Site "Klatovy"]
[Date "2022.07.06"]
[Round "5.3"]
[White "Slovak, Kilian"]
[Black "Flajsman, Pavel"]
[Result "1-0"]
[WhiteElo "2321"]
[BlackElo "2177"]
[PlyCount "181"]
[EventDate "2022.07.02"]
[EventType "swiss"]
[EventRounds "9"]
[EventCountry "CZE"]

1. e4 e5 2. Nf3 Nc6 3. Bb5 Nf6 4. O-O Nxe4 5. Re1 Nd6 6. Nxe5 Be7 7. Bf1 Nxe5 8. Rxe5 O-O 9. Nc3 Bf6 10. Re1 Re8 11. Nd5 Rxe1 12. Nxf6+ Qxf6 13. Qxe1 b6 14. c3 Bb7 15. f3 Re8 16. Qf2 Nf5 17. d4 d6 18. Bd2 g6 19. Re1 Rxe1 20. Qxe1 Qe6 21. Qxe6 fxe6 22. Kf2 Kf7 23. Bg5 Ne7 24. Kg3 h6 25. Bd2 Kf6 26. Kf2 Ng8 27. Bd3 Bc6 28. h4 Be8 29. g4 g5 30. hxg5+ hxg5 31. f4 gxf4 32. Bxf4 Bg6 33. Bc4 Ne7 34. Bg3 Bb1 35. Bh4+ Kf7 36. a3 Bc2 37. Kg3 Ng6 38. Bd8 c6 39. Bg5 Be4 40. Bb3 b5 41. Kf2 a6 42. c4 Bd3 43. cxb5 cxb5 44. Ke3 Bb1 45. a4 Nf8 46. Bd1 bxa4 47. Bxa4 Ba2 48. Bf4 Ke7 49. Bc2 Bc4 50. g5 Bb5 51. b4 Be8 52. Bd3 Bb5 53. Be4 d5 54. Bc2 Kf7 55. Kf3 Ng6 56. Kg4 Be2+ 57. Kg3 Bb5 58. Bd6 Be2 59. Kf2 Bb5 60. Bd1 Bd3 61. Ke3 Bc4 62. Be5 Bb5 63. Bf6 Bc4 64. Kf3 Nf8 65. Kf4 Ng6+ 66. Kg4 Bd3 67. Bf3 Kg8 68. Kg3 Kf7 69. Bd1 Bc4 70. Kg4 Bd3 71. Kh5 Nf4+ 72. Kh6 Bg6 73. Be5 Nd3 74. Bd6 Nf2 75. Bh5 Bxh5 76. Kxh5 Ne4 77. Be5 Nf2 78. Kh6 Kg8 79. Kg6 Ne4 80. Bf4 Kf8 81. Kh7 Ke7 82. g6 Nf6+ 83. Kh8 Kf8 84. Bd6+ Ke8 85. Be5 Nh5 86. g7 Nxg7 87. Kxg7 Ke7 88. Kg6 Kd7 89. Kf6 Kc6 90. Kxe6 Kb5 91. Kxd5 1-0

[Event "28. Klatovy A 2022"]
[Site "Klatovy"]
[Date "2022.07.06"]
[Round "5.4"]
[White "Dvorak, Jan"]
[Black "Simet, Martin"]
[Result "1/2-1/2"]
[WhiteElo "2194"]
[BlackElo "2155"]
[PlyCount "35"]
[EventDate "2022.07.02"]
[EventType "swiss"]
[EventRounds "9"]
[EventCountry "CZE"]

1. c4 Nf6 2. Nc3 e6 3. Nf3 d5 4. d4 Bb4 5. e3 O-O 6. Bd3 c5 7. O-O dxc4 8. Bxc4 Nbd7 9. a3 cxd4 10. axb4 dxc3 11. bxc3 Qc7 12. Qb3 Nb6 13. Be2 Bd7 14. c4 Rfc8 15. c5 Nbd5 16. Bb2 a5 17. Be5 Qd8 18. Rxa5 1/2-1/2

[Event "28. Klatovy A 2022"]
[Site "Klatovy"]
[Date "2022.07.06"]
[Round "5.5"]
[White "Vorisek, Jaroslav"]
[Black "Turner, Radek"]
[Result "1-0"]
[WhiteElo "2270"]
[BlackElo "2032"]
[PlyCount "51"]
[EventDate "2022.07.02"]
[EventType "swiss"]
[EventRounds "9"]
[EventCountry "CZE"]

1. d4 Nf6 2. Nf3 c5 3. c4 cxd4 4. Nxd4 Nc6 5. g3 g6 6. Bg2 Bg7 7. Nc2 d6 8. Nc3 Bd7 9. e4 Qc8 10. h3 Ne5 11. b3 Nh5 12. Nd4 Nc6 13. Be3 O-O 14. Nd5 Re8 15. Rc1 Nxd4 16. Bxd4 Bc6 17. Ne3 Qe6 18. Qd3 Rec8 19. O-O Bxd4 20. Qxd4 Nf6 21. f3 Nd7 22. f4 Nc5 23. Ng4 f6 24. b4 Nxe4 25. Rce1 h5 26. Bxe4 1-0

[Event "28. Klatovy A 2022"]
[Site "Klatovy"]
[Date "2022.07.06"]
[Round "5.6"]
[White "Kopriva, Martin"]
[Black "Kopta, Pavel"]
[Result "0-1"]
[WhiteElo "2124"]
[BlackElo "2234"]
[PlyCount "74"]
[EventDate "2022.07.02"]
[EventType "swiss"]
[EventRounds "9"]
[EventCountry "CZE"]

1. e4 c5 2. Nf3 Nc6 3. Nc3 g6 4. d4 cxd4 5. Nxd4 Bg7 6. Be3 Nf6 7. Nb3 O-O 8. Be2 d6 9. f4 Be6 10. g4 Na5 11. Bd4 Rc8 12. O-O Bc4 13. g5 Bxe2 14. Qxe2 Nh5 15. Bxg7 Kxg7 16. f5 e6 17. f6+ Kh8 18. Rad1 Nc4 19. Rd3 Qb6+ 20. Kh1 a5 21. Rh3 Rg8 22. Rg1 Nxb2 23. Rg4 Qa6 24. Rgh4 Qxe2 25. Nxe2 Nd1 26. Kg1 Rxc2 27. Kf1 Rgc8 28. Ke1 Nb2 29. Ng3 Nd3+ 30. Kf1 Ndf4 31. Nxh5 Nxh3 32. Rxh3 gxh5 33. Nxa5 Rc1+ 34. Ke2 R8c2+ 35. Kd3 Rc3+ 36. Kd2 Rxh3 37. Kxc1 b6 0-1

[Event "28. Klatovy A 2022"]
[Site "Klatovy"]
[Date "2022.07.06"]
[Round "5.7"]
[White "Formanek, Martin"]
[Black "Skola, Miroslav"]
[Result "1/2-1/2"]
[WhiteElo "2233"]
[BlackElo "2086"]
[PlyCount "36"]
[EventDate "2022.07.02"]
[EventType "swiss"]
[EventRounds "9"]
[EventCountry "CZE"]

1. e4 Nc6 2. Nc3 e5 3. g3 g6 4. Bg2 Bg7 5. d3 d6 6. Be3 Nge7 7. Nf3 Nd4 8. Bxd4 exd4 9. Ne2 c5 10. O-O O-O 11. Nd2 Rb8 12. a4 b6 13. Nf4 Bh6 14. Nd5 Nxd5 15. exd5 Bxd2 16. Qxd2 Qf6 17. Rae1 Bd7 18. b3 Rfe8 1/2-1/2

[Event "28. Klatovy A 2022"]
[Site "Klatovy"]
[Date "2022.07.06"]
[Round "5.8"]
[White "Jurek, Josef"]
[Black "Jirousek, Jan"]
[Result "1-0"]
[WhiteElo "2200"]
[BlackElo "2094"]
[PlyCount "77"]
[EventDate "2022.07.02"]
[EventType "swiss"]
[EventRounds "9"]
[EventCountry "CZE"]

1. c4 e6 2. d4 Nf6 3. Nf3 d5 4. Bg5 Be7 5. Nc3 O-O 6. e3 Nbd7 7. Rc1 h6 8. Bh4 c6 9. Bd3 b6 10. cxd5 exd5 11. O-O Bb7 12. Bg3 c5 13. Nb5 Ne4 14. Bc7 Qc8 15. dxc5 bxc5 16. Bf4 Qc6 17. b4 g5 18. bxc5 Bxc5 19. Ne5 Nxe5 20. Bxe5 Qb6 21. Bd4 a6 22. Bxe4 Bxd4 23. Bh7+ Kxh7 24. Nxd4 Qg6 25. Rc7 Bc8 26. Qa4 Rb8 27. Rfc1 Rb1 28. Qa3 Rxc1+ 29. Qxc1 Be6 30. h3 Rb8 31. Qc6 Qb1+ 32. Kh2 Rb6 33. Qc5 Kg7 34. a4 a5 35. Qxa5 Rd6 36. Qc5 Qb6 37. Qc3 Kh7 38. Nxe6 Rxe6 39. Rxf7+ 1-0

[Event "28. Klatovy A 2022"]
[Site "Klatovy"]
[Date "2022.07.06"]
[Round "5.9"]
[White "Kupsa, Matej 2001"]
[Black "Janous, Marek"]
[Result "1/2-1/2"]
[WhiteElo "2079"]
[BlackElo "2175"]
[PlyCount "65"]
[EventDate "2022.07.02"]
[EventType "swiss"]
[EventRounds "9"]
[EventCountry "CZE"]

1. d4 Nf6 2. Bg5 d5 3. e3 e6 4. Nf3 c5 5. Nbd2 Nc6 6. c3 Be7 7. Bd3 O-O 8. O-O Nd7 9. Bxe7 Qxe7 10. Qe2 e5 11. e4 dxe4 12. Bxe4 exd4 13. cxd4 cxd4 14. Nxd4 Re8 15. Nxc6 bxc6 16. Qf3 Rb8 17. b3 Ne5 18. Qc3 Qb4 19. Qxb4 Rxb4 20. Rfe1 Bd7 21. Rac1 Rd4 22. Nf3 Nxf3+ 23. Bxf3 Rxe1+ 24. Rxe1 Rd2 25. Rd1 Rxd1+ 26. Bxd1 Kf8 27. Kf1 Ke7 28. Ke2 Kd6 29. Kd3 Kc5 30. Kc3 a5 31. a3 Be6 32. Bc2 Bd5 33. g3 1/2-1/2

[Event "28. Klatovy A 2022"]
[Site "Klatovy"]
[Date "2022.07.06"]
[Round "5.10"]
[White "Skypala, Ondrej"]
[Black "Kroulik, Vaclav"]
[Result "1-0"]
[WhiteElo "2142"]
[BlackElo "1749"]
[PlyCount "71"]
[EventDate "2022.07.02"]
[EventType "swiss"]
[EventRounds "9"]
[EventCountry "CZE"]

1. c4 c5 2. Nc3 Nc6 3. g3 g6 4. Bg2 Bg7 5. a3 d6 6. e3 Nf6 7. Nge2 O-O 8. O-O Bd7 9. Rb1 Rb8 10. d3 a6 11. Nd5 Nxd5 12. cxd5 Ne5 13. f4 Ng4 14. h3 Nf6 15. e4 e6 16. dxe6 fxe6 17. Be3 Qe7 18. b4 cxb4 19. axb4 Bc6 20. Nd4 Rfe8 21. Nxc6 bxc6 22. Qa4 Qb7 23. Rfc1 Rec8 24. e5 Nd5 25. Bxd5 exd5 26. exd6 Bf8 27. Rc2 Bxd6 28. Rbc1 Qe7 29. Bf2 Rxb4 30. Qxa6 Re8 31. Qxc6 Rd8 32. Qxd5+ Kf8 33. Rc8 Rb2 34. Qd4 Rb8 35. Qh8+ Kf7 36. Qxh7+ 1-0

[Event "28. Klatovy A 2022"]
[Site "Klatovy"]
[Date "2022.07.06"]
[Round "5.11"]
[White "Mik, Tomas"]
[Black "Jun, Rudolf Jr"]
[Result "0-1"]
[WhiteElo "1683"]
[BlackElo "2134"]
[PlyCount "52"]
[EventDate "2022.07.02"]
[EventType "swiss"]
[EventRounds "9"]
[EventCountry "CZE"]

1. e4 c5 2. Nf3 Nc6 3. Nc3 Nf6 4. d4 cxd4 5. Nxd4 e5 6. Nf5 d5 7. exd5 Bxf5 8. dxc6 bxc6 9. Qf3 Qd7 10. Bg5 Bb4 11. Bxf6 gxf6 12. g4 Bxc2 13. Qxf6 O-O 14. Be2 Rad8 15. Qg5+ Kh8 16. Qf6+ Kg8 17. Qg5+ Bg6 18. h4 f6 19. Qh6 Qg7 20. Qe3 Rd4 21. f3 Bc5 22. Qc1 Rfd8 23. h5 Bd3 24. a3 Bb6 25. Bxd3 Rxd3 26. Ke2 Re3+ 0-1

[Event "28. Klatovy A 2022"]
[Site "Klatovy"]
[Date "2022.07.06"]
[Round "5.12"]
[White "Palek, Miroslav"]
[Black "Langmajer, Jan"]
[Result "1/2-1/2"]
[WhiteElo "2125"]
[BlackElo "1869"]
[PlyCount "48"]
[EventDate "2022.07.02"]
[EventType "swiss"]
[EventRounds "9"]
[EventCountry "CZE"]

1. e4 e5 2. Nf3 Nc6 3. Bb5 a6 4. Ba4 Nf6 5. O-O Nxe4 6. d4 exd4 7. Re1 d5 8. Nxd4 Bd6 9. Nf3 O-O 10. h3 Ne7 11. c4 Nc5 12. cxd5 Nxa4 13. Qxa4 Nxd5 14. Bg5 Be7 15. Bxe7 Nxe7 16. Nc3 Nd5 17. Ne4 f5 18. Nc5 Qd6 19. Qc4 b6 20. Rad1 c6 21. Nd3 Bb7 22. b4 Rae8 23. Nfe5 Re6 24. Nf3 Ree8 1/2-1/2

[Event "28. Klatovy A 2022"]
[Site "Klatovy"]
[Date "2022.07.06"]
[Round "5.13"]
[White "Lhotska, Anna"]
[Black "Roubal, Matyas"]
[Result "1-0"]
[WhiteElo "2113"]
[BlackElo "1909"]
[PlyCount "183"]
[EventDate "2022.07.02"]
[EventType "swiss"]
[EventRounds "9"]
[EventCountry "CZE"]

1. e4 c5 2. Nf3 Nc6 3. d4 cxd4 4. Nxd4 g6 5. Nc3 Bg7 6. Be3 Nf6 7. Bc4 Qa5 8. O-O O-O 9. h3 d6 10. Bb3 Bd7 11. Re1 Nxd4 12. Bxd4 Bc6 13. Qd3 Nd7 14. Bxg7 Kxg7 15. Qd4+ Kg8 16. a3 Qc5 17. Rad1 Qxd4 18. Rxd4 Rfe8 19. Ba2 a5 20. Re2 Nf6 21. Rd3 Nd7 22. Rde3 Rad8 23. Bb3 Nc5 24. Bc4 Nd7 25. Nd5 Rc8 26. Bb3 Kf8 27. Nf4 Nc5 28. Ba2 Nd7 29. h4 Nf6 30. Nh3 h6 31. Nf4 Bb5 32. Rd2 Bc6 33. f3 Nd7 34. Kf2 Ne5 35. Nd3 Nxd3+ 36. Rexd3 b6 37. g4 Bb5 38. Rd4 Rc5 39. c3 Rec8 40. Ke3 Bc4 41. Bxc4 Rxc4 42. Rxc4 Rxc4 43. Rd5 Rc6 44. Kd4 e5+ 45. Kd3 Ke7 46. Rb5 Kd7 47. Ke3 f6 48. Kd3 Kc7 49. a4 Kd7 50. b4 axb4 51. cxb4 Kc7 52. a5 bxa5 53. Rxa5 Kb7 54. b5 Rc5 55. Ra6 Rxb5 56. Rxd6 Rb6 57. Rd7+ Kc6 58. Rg7 g5 59. h5 Kd6 60. Rh7 Ke6 61. Rxh6 Rb2 62. Rh8 Rh2 63. Ke3 Kf7 64. Rh7+ Ke6 65. Ra7 Kd6 66. Ra3 Ke6 67. Kd3 Rf2 68. Kc4 Rc2+ 69. Rc3 Rd2 70. Kb5 Rb2+ 71. Kc6 Rd2 72. Kb7 Rd7+ 73. Kb6 Rd2 74. Rc7 Rb2+ 75. Ka7 Kd6 76. Rb7 Rh2 77. Kb8 Ke6 78. Kc8 Ra2 79. Kb8 Rh2 80. Rc7 Rh1 81. Kc8 Ra1 82. Kd8 Ra8+ 83. Rc8 Ra6 84. Ke8 f5 85. exf5+ Kf6 86. Kf8 e4 87. fxe4 Ra7 88. Rc6+ Ke5 89. Re6+ Kf4 90. f6 Kxg4 91. f7 Kxh5 92. Kg8 1-0

[Event "28. Klatovy A 2022"]
[Site "Klatovy"]
[Date "2022.07.06"]
[Round "5.14"]
[White "Hulin, Petr"]
[Black "Hosnedl, Jiri"]
[Result "1-0"]
[WhiteElo "2090"]
[BlackElo "1744"]
[PlyCount "95"]
[EventDate "2022.07.02"]
[EventType "swiss"]
[EventRounds "9"]
[EventCountry "CZE"]

1. d4 d5 2. Nf3 Nf6 3. e3 e6 4. Bd3 b6 5. Ne5 Bb7 6. O-O Bd6 7. Nd2 O-O 8. f4 g6 9. Qf3 Nbd7 10. g4 c5 11. c3 Kg7 12. g5 Ng8 13. Nxd7 Qxd7 14. h4 Ne7 15. Qh3 cxd4 16. exd4 Nf5 17. Nf3 Bc6 18. Rf2 Bb5 19. Bc2 Qc7 20. Nh2 Rh8 21. Ng4 Be7 22. h5 Rac8 23. a4 Ba6 24. h6+ Kf8 25. Bxf5 gxf5 26. Ne5 Bd6 27. Qe3 Bxe5 28. Qxe5 Qxe5 29. dxe5 Ke7 30. Be3 Rc7 31. Bd4 Bc4 32. Ra3 Rb8 33. b3 Bd3 34. Rd2 Ba6 35. Kf2 Kd7 36. c4 Ke7 37. cxd5 exd5 38. e6 Rbc8 39. exf7 Kxf7 40. a5 b5 41. Be5 Rc2 42. Ra2 Rxa2 43. Rxa2 Bb7 44. a6 Bc6 45. Bd4 Rc7 46. Rc2 Ke7 47. g6 hxg6 48. h7 1-0

[Event "28. Klatovy A 2022"]
[Site "Klatovy"]
[Date "2022.07.06"]
[Round "5.15"]
[White "Mach, Ondrej"]
[Black "Kunc, Jan"]
[Result "0-1"]
[WhiteElo "1910"]
[BlackElo "2062"]
[PlyCount "72"]
[EventDate "2022.07.02"]
[EventType "swiss"]
[EventRounds "9"]
[EventCountry "CZE"]

1. d4 d5 2. c4 c6 3. Nc3 Nf6 4. e3 e6 5. Nf3 Nbd7 6. Qc2 Bd6 7. g4 h6 8. h3 e5 9. g5 hxg5 10. Nxg5 Qe7 11. dxe5 Nxe5 12. cxd5 Nxd5 13. h4 Nxc3 14. bxc3 Bg4 15. Be2 f6 16. Ne4 Nf3+ 17. Kf1 f5 18. Nxd6+ Qxd6 19. Qd1 Rxh4 20. Rxh4 Qxd1+ 21. Bxd1 Nxh4 22. Bxg4 fxg4 23. Ba3 Nf3 24. Rd1 Rd8 25. Rxd8+ Kxd8 26. Kg2 Kd7 27. Kg3 Ne5 28. Bc5 a5 29. Bd4 Ke6 30. Bxe5 Kxe5 31. Kxg4 Ke4 32. Kg5 b5 33. Kg6 b4 34. cxb4 axb4 35. Kxg7 c5 36. f4 c4 0-1

[Event "28. Klatovy A 2022"]
[Site "Klatovy"]
[Date "2022.07.06"]
[Round "5.16"]
[White "Gernert, Otakar"]
[Black "Krauskopfova, Lenka 1996"]
[Result "1-0"]
[WhiteElo "2039"]
[BlackElo "1839"]
[PlyCount "61"]
[EventDate "2022.07.02"]
[EventType "swiss"]
[EventRounds "9"]
[EventCountry "CZE"]

1. d4 Nf6 2. Nf3 g6 3. c4 Bg7 4. Nc3 O-O 5. g3 d6 6. Bg2 Nc6 7. O-O Bf5 8. Nh4 Bd7 9. h3 e5 10. e3 Qc8 11. g4 h5 12. dxe5 Nxe5 13. g5 Nh7 14. f4 Nc6 15. Kh2 Re8 16. e4 Qd8 17. Qd2 Nf8 18. Kh1 Kh7 19. f5 Be5 20. Nd5 Kg7 21. Rb1 Nh7 22. b3 a5 23. a3 Nd4 24. Nf6 Nxf6 25. gxf6+ Bxf6 26. Qh6+ Kg8 27. fxg6 fxg6 28. Qxg6+ Bg7 29. Rf7 Ne6 30. Nf5 Rf8 31. Rxg7+ 1-0

[Event "28. Klatovy A 2022"]
[Site "Klatovy"]
[Date "2022.07.06"]
[Round "5.17"]
[White "Stastny, Jakub"]
[Black "Flajsman, Petr"]
[Result "1/2-1/2"]
[WhiteElo "2023"]
[BlackElo "1809"]
[PlyCount "38"]
[EventDate "2022.07.02"]
[EventType "swiss"]
[EventRounds "9"]
[EventCountry "CZE"]

1. d4 d5 2. c4 c6 3. Nc3 Nf6 4. Nf3 e6 5. Bg5 Nbd7 6. cxd5 exd5 7. e3 Be7 8. Bd3 Ne4 9. Bf4 f5 10. O-O O-O 11. Qc2 g5 12. Be5 g4 13. Ne1 Nxe5 14. dxe5 Be6 15. f3 gxf3 16. Nxf3 Bc5 17. Nd4 Qe7 18. Nce2 Bd7 19. Ng3 Nxg3 1/2-1/2

[Event "28. Klatovy A 2022"]
[Site "Klatovy"]
[Date "2022.07.06"]
[Round "5.18"]
[White "Danko, Jiri"]
[Black "Strnad, Jakub"]
[Result "1-0"]
[WhiteElo "1837"]
[BlackElo "1994"]
[PlyCount "83"]
[EventDate "2022.07.02"]
[EventType "swiss"]
[EventRounds "9"]
[EventCountry "CZE"]

1. e4 e5 2. Nf3 Nc6 3. Bb5 a6 4. Ba4 Nf6 5. O-O b5 6. Bb3 Be7 7. c3 d6 8. Re1 O-O 9. a4 Bb7 10. d4 Re8 11. Nbd2 Bf8 12. d5 Nb8 13. axb5 axb5 14. Rxa8 Bxa8 15. Nf1 h6 16. Bc2 c6 17. dxc6 Bxc6 18. Ng3 Nbd7 19. Be3 Ng4 20. Bc1 Ngf6 21. h3 Qc7 22. Nh2 d5 23. exd5 Bxd5 24. Nf5 Qc6 25. Ne3 Be4 26. Bxe4 Qxe4 27. Nhg4 h5 28. Nxf6+ Nxf6 29. Ng4 Qf5 30. Nxf6+ gxf6 31. Qd5 b4 32. c4 Qc2 33. Qf3 Bc5 34. Be3 Bxe3 35. Rxe3 Qg6 36. Qc6 Kf8 37. Qc5+ Re7 38. Qxb4 e4 39. Ra3 Qg5 40. Re3 f5 41. Qb8+ Re8 42. Qd6+ 1-0

[Event "28. Klatovy A 2022"]
[Site "Klatovy"]
[Date "2022.07.06"]
[Round "5.19"]
[White "Richter, Martin1"]
[Black "Bartonicek, Zdenek"]
[Result "1/2-1/2"]
[WhiteElo "1929"]
[BlackElo "1976"]
[PlyCount "109"]
[EventDate "2022.07.02"]
[EventType "swiss"]
[EventRounds "9"]
[EventCountry "CZE"]

1. b3 Nf6 2. Bb2 d5 3. e3 Bf5 4. Bb5+ c6 5. Be2 e6 6. Nf3 Bd6 7. Nh4 Bg6 8. Nxg6 hxg6 9. h3 Nbd7 10. d3 e5 11. Nd2 Qe7 12. c4 Rd8 13. O-O O-O 14. Bf3 e4 15. dxe4 dxe4 16. Nxe4 Nxe4 17. Bxe4 Nc5 18. Bf3 Bh2+ 19. Kxh2 Rxd1 20. Raxd1 Rd8 21. Rxd8+ Qxd8 22. Rd1 Qa5 23. Bd4 Ne6 24. a4 Qb4 25. Rd3 a6 26. Be5 Qe1 27. Kg3 Ng5 28. Rd7 Nxf3 29. Kxf3 Qb4 30. Rd8+ Kh7 31. Rd3 Qe7 32. Bd6 Qe6 33. Ke2 g5 34. c5 g4 35. h4 Qf6 36. Rd4 Qxh4 37. g3 Qg5 38. a5 Qf5 39. b4 f6 40. Kf1 Kg6 41. Kg2 Kh5 42. Kg1 Qe6 43. Kg2 f5 44. Kg1 Qb3 45. Bf8 Kg6 46. Bd6 Kf6 47. Bc7 Ke6 48. Rd6+ Ke7 49. Rd4 Qa4 50. Kg2 Qc2 51. Bd8+ Ke6 52. Bc7 g6 53. Rd6+ Ke7 54. Rd4 Kf7 55. Bf4 1/2-1/2

[Event "28. Klatovy A 2022"]
[Site "Klatovy"]
[Date "2022.07.06"]
[Round "5.20"]
[White "Novotny, Jaroslav2"]
[Black "Chalus, Karel"]
[Result "1/2-1/2"]
[WhiteElo "1911"]
[BlackElo "1975"]
[PlyCount "46"]
[EventDate "2022.07.02"]
[EventType "swiss"]
[EventRounds "9"]
[EventCountry "CZE"]

1. e4 e5 2. Nf3 Nc6 3. d4 exd4 4. Bc4 Nf6 5. e5 d5 6. Bb5 Ne4 7. Nxd4 Bd7 8. Bxc6 bxc6 9. O-O Bc5 10. f3 Ng5 11. Be3 O-O 12. f4 Ne6 13. c3 f5 14. Nd2 Bxd4 15. cxd4 c5 16. Nf3 Bb5 17. Rf2 c4 18. Rc1 h6 19. h4 Qe8 20. g3 Qg6 21. Kh2 Rad8 22. Rd2 Qe8 23. b3 c6 1/2-1/2

[Event "28. Klatovy A 2022"]
[Site "Klatovy"]
[Date "2022.07.06"]
[Round "5.21"]
[White "Novak, Vaclav2"]
[Black "Novotny, David"]
[Result "1/2-1/2"]
[WhiteElo "1904"]
[BlackElo "1958"]
[PlyCount "44"]
[EventDate "2022.07.02"]
[EventType "swiss"]
[EventRounds "9"]
[EventCountry "CZE"]

1. d4 e6 2. e4 d5 3. exd5 exd5 4. Bd3 Nc6 5. c3 Bd6 6. Ne2 Bg4 7. f3 Be6 8. Bf4 Nge7 9. Bxd6 Qxd6 10. Nd2 Bf5 11. Nf1 O-O-O 12. Bxf5+ Nxf5 13. Qd3 Nce7 14. O-O-O h5 15. Ne3 Nxe3 16. Qxe3 Rhe8 17. Qd3 g6 18. g4 hxg4 19. fxg4 Ng8 20. Rdf1 Rd7 21. Ng3 Rde7 22. Qf3 f6 1/2-1/2

[Event "28. Klatovy A 2022"]
[Site "Klatovy"]
[Date "2022.07.06"]
[Round "5.22"]
[White "Lhotsky, Zdenek"]
[Black "Pick, Stepan"]
[Result "1/2-1/2"]
[WhiteElo "1794"]
[BlackElo "1952"]
[PlyCount "125"]
[EventDate "2022.07.02"]
[EventType "swiss"]
[EventRounds "9"]
[EventCountry "CZE"]

1. e4 d6 2. d4 Nf6 3. Nc3 g6 4. g3 Bg7 5. h3 O-O 6. Bg2 c6 7. Nge2 Qc7 8. O-O e5 9. Be3 b5 10. a3 Nbd7 11. f4 exd4 12. Nxd4 Bb7 13. g4 h6 14. Qf3 a6 15. Rad1 c5 16. Nde2 Rae8 17. b4 Nxe4 18. Nd5 Bxd5 19. Rxd5 Nb6 20. Rdd1 Nc4 21. Bc1 Re7 22. Qd3 Rfe8 23. f5 Nf6 24. Nf4 g5 25. Nd5 Nxd5 26. Bxd5 Bd4+ 27. Kh1 Ne3 28. f6 Nxd5 29. fxe7 Rxe7 30. Rde1 Nf4 31. Rxe7 Qxe7 32. Bxf4 gxf4 33. Rxf4 Be5 34. Rf1 c4 35. Qf3 Kg7 36. Kg2 c3 37. Qe4 Qh4 38. Rf3 Qg5 39. Qb7 Qg6 40. Rf5 Qe6 41. Kf3 Qc4 42. Kg2 Qe2+ 43. Rf2 Qc4 44. Qf3 Qe6 45. h4 Qe7 46. Qf5 Qb7+ 47. Rf3 Qd5 48. Kh3 Qb7 49. h5 Qe7 50. g5 hxg5 51. h6+ Kxh6 52. Qxf7 Qxf7 53. Rxf7 Kg6 54. Ra7 Kf5 55. Rxa6 Ke4 56. a4 bxa4 57. b5 Kd5 58. Rxa4 Kc5 59. Kg4 Kxb5 60. Re4 Bf4 61. Kf5 d5 62. Re8 Kc4 63. Rc8+ 1/2-1/2

[Event "28. Klatovy A 2022"]
[Site "Klatovy"]
[Date "2022.07.06"]
[Round "5.23"]
[White "Mametev, Artem"]
[Black "Borovsky, Ivan 1969"]
[Result "1-0"]
[WhiteElo "1888"]
[BlackElo "1813"]
[PlyCount "63"]
[EventDate "2022.07.02"]
[EventType "swiss"]
[EventRounds "9"]
[EventCountry "CZE"]

1. e4 c5 2. Nf3 Nc6 3. d4 cxd4 4. Nxd4 Nf6 5. Nc3 d6 6. Bc4 e6 7. Be3 Be7 8. Qe2 O-O 9. Bb3 a6 10. O-O-O Qc7 11. g4 Na5 12. g5 Nxb3+ 13. axb3 Nd7 14. h4 b5 15. h5 b4 16. Na4 Nc5 17. Kb1 Nxe4 18. g6 h6 19. Bxh6 gxh6 20. gxf7+ Rxf7 21. Qxe4 d5 22. Qg6+ Rg7 23. Nxe6 Bxe6 24. Qxe6+ Kh7 25. Nb6 Rf8 26. Nxd5 Qc5 27. Rhg1 Rff7 28. Rg6 Bg5 29. f4 Bh4 30. Rxh6+ Kg8 31. Nf6+ Bxf6 32. Rxf6 1-0